Responses for Show #6444 - Thursday, September 27, 2012

Contestants

[<< previous game]

Katie Clair, an international student coordinator from Broad Brook, Connecticut

Erica Mines, a high school English teacher originally from Washington, D.C.

Mike Malaier, an attorney from Tacoma, Washington (whose 1-day cash winnings total $8,100)

[next game >>]

Jeopardy! Round responses

DINING OUT IN NEW YORK
3-LETTER WORDS
APPLE PIE
A VAN DOWN BY THE RIVER
THE CALIFORNIANS
ON SATURDAY NIGHT LIVE
    $200 3
Chinatown

Mike
    $200 8
dew

Erica
    $200 1
Arthur

Katie
    $200 16
the Nile

Katie
    $200 13
Mark Zuckerberg

Erica
    $200 2
Martin Short

Triple Stumper
    $400 4
the Russian Tea Room

Katie
    $400 9
sap

Mike
    $400 22
perfume

Mike
    $400 17
the Thames

Katie
    $400 14
(Earl) Warren

Erica
    $400 27
(Katie: Who is Jimmy Fallon?)
[The end-of-round signal sounds.]

Seth Meyers

Katie
Triple Stumper
    $600 5
Grand Central Station

Katie
    $600 10
log

Erica
    $600 26
(Katie: Who is Fields?)

Will Rogers

Katie
Triple Stumper
    $600 18
the Mississippi

Mike
    $800 15
(Alex: Erica?)
(Erica: [Shakes head])

Ansel Adams

Erica
    $800 6
schmaltz

Triple Stumper
    $800 11
vat

Erica
    $800 25
Manhattan

Katie
    $800 20
the Euphrates

Erica
    $800 19
(Leland) Stanford

Katie
    $1000 7
the Tribeca Grill

Katie
    $1000 12
sup

Erica
    $1000 23
Bye Bye Birdie

Erica
    $1000 21
(Mike: What is the Columbia?)

the Snake

MikeKatie
    $1000 24
(Mike: Who is Wernher von Braun?)
(Katie: Who is Oppenheimer?)
...
(Alex: Less than a minute to go now, Erica.)

Edward Teller

MikeKatie
Triple Stumper

Scores at the first commercial break (after clue 15):

Mike Erica Katie
$600 $2,400 $2,200

Scores at the end of the Jeopardy! Round:

Mike Erica Katie
-$400 $4,200 $3,400

Double Jeopardy! Round responses

AMERICAN POETS & POETRY
(Alex: We want you to name the country. We'll give you the...)
FIRST FEMALE LEADERS
WORLD OF DANCE
LOOK IN THE CABINET
FIRST MUSIC, THEN A MOVIE
"Y"s UP!
    $400 10
(Allen) Ginsberg

Katie
    $400 1
India

Katie
    $400 17
the horah

Erica
    $400 20
the Attorney General

Erica
    $400 11
(Katie: What is Working Girl?)
...
(Alex: Meg wasn't in Working Girl.)

When a Man Loves a Woman

Katie
Triple Stumper
    $400 5
yoga

Katie
    $800 23
Annabel Lee

Erica
    $800 2
Germany

Erica
    $800 27
(Katie: What is the oasis?)

the rain

Katie
Triple Stumper
    $800 19
(Katie: What is Defense?)

Transportation

Katie
Triple Stumper
    $800 12
Boogie Nights

Mike
    $800 6
Yuletide

Erica
    $1200 24
(Alex: "Candy is dandy, but liquor is quicker", says [*].)

Ogden Nash

Triple Stumper
    $1200 3
(Mike: What is Australia?)

Canada

Mike
Triple Stumper
    $1200 28
[The end-of-round signal sounds.]

the beguine

Triple Stumper
    $1200 15
the Secretary of State

Erica
    $1200 21
Pretty in Pink

Erica
    $1200 7
Yorkshire terriers

Katie
    $1600 25
the caged bird

Erica
    $1600 4
Finland

Katie
    $1600 16
Homeland Security

Katie
    $1600 22
Jumpin' Jack Flash

Erica
    $1,500 8
yellow fever

Katie
    $2,000 26
(Alex: And we have less than a minute to go now...)
...
(Erica: [No response])

the U.S.S. Constitution ("Old Ironsides")

Erica
    $2000 13
(Mike: What is Guam?)

Nicaragua

Mike
Triple Stumper
    $2000 18
the Interior

Erica
    $2000 14
Dazed and Confused

Triple Stumper
    $2000 9
youth

Erica

Scores at the end of the Double Jeopardy! Round:

Mike Erica Katie
-$2,800 $15,000 $8,500

[wagering suggestions for these scores]

Final Jeopardy! Round responses

PHRASE ORIGINS
KatieWho is are ?
$7,000
EricaWho are the Founding Fathers?
$3,000
the Founding Fathers

Final scores:

Mike Erica Katie
-$2,800 $18,000 $1,500
3rd place: $1,000 New champion: $18,000 2nd place: $2,000

Game dynamics:

Coryat scores:

Mike Erica Katie
-$2,800 $17,800 $8,600
5 R,
4 W
19 R,
2 W
(including 2 DDs)
16 R
(including 1 DD),
6 W

Combined Coryat: $23,600

[game clues] [game scores] [suggest correction]

Game tape date: 2012-07-25
The J! Archive is created by fans, for fans. Scraping, republication, monetization, and malicious use prohibited; this site may use cookies and collect identifying information. See terms. The Jeopardy! game show and all elements thereof, including but not limited to copyright and trademark thereto, are the property of Jeopardy Productions, Inc. and are protected under law. This website is not affiliated with, sponsored by, or operated by Jeopardy Productions, Inc. Join the discussion at JBoard.tv.